郭继承:如来来没来?语录填空 - Statistics

General Stats
  • This quiz has been taken 12 times
  • The average score is 8 of 14
Answer Stats
语录 % Correct
它是{如如},
92%
中国人认为{宇宙万法}的那个源头,它是什么
83%
所以《{金刚经}》的一句话
67%
叫凡有所相,{皆是虚妄}
67%
注意:不生不灭,不垢不净,不增不减,{如如不动}
58%
所以才有了如来什么?{拈花}
58%
迦叶,{微笑}
58%
所以:{万物生于有},有生于无,
42%
我有一次去{甘肃}讲课,遇到一个人
42%
你不能{迷信},在这方面,他是个真理
42%
{老子}也没说明白,他不是语言可以描述的
42%
维特根斯坦直接用了俩字:{闭嘴}
42%
你想想那是个真理,真理是{无相}的
33%
{见所相非相},那是个真理
25%
No matching quizzes found
Score Distribution
Percent of People with Each Score
Percentile by Number Answered
Your Score History
You have not taken this quiz